Cái đầm ma = La mare au diable

Gespeichert in:
Bibliographische Detailangaben
1. Verfasser: Sand, George
Format: Buch
Sprache:Undetermined
Veröffentlicht: Hà Nội Văn Học 1986
Schlagworte:
Tags: Tag hinzufügen
Keine Tags, Fügen Sie den ersten Tag hinzu!
Thư viện lưu trữ: Trung tâm Học liệu Trường Đại học Cần Thơ
LEADER 00563nam a2200205Ia 4500
001 CTU_32776
008 210402s9999 xx 000 0 und d
082 |a 843.7 
082 |b S213 
100 |a Sand, George 
245 0 |a Cái đầm ma = 
245 0 |b La mare au diable 
245 0 |c George Sand ; Nguyễn Hoàng Lâm biên dịch 
260 |a Hà Nội 
260 |b Văn Học 
260 |c 1986 
650 |a French fiction 
650 |y 19th century 
904 |i Qhieu sửa 
980 |a Trung tâm Học liệu Trường Đại học Cần Thơ